00616nam a22001937a 450000500170000001000110001702000100002803500110003803700160004904000120006508200190007710000190009624501580011526000460027327000310031930000270035065000260037770000190040320170124110240.0 a746260 c00.00 a746260 bCen Lib/Ret aDPLbEN a720.95443bBUR aBurgness, Jas  aThe architectural antiquities of northern Gujaraj :cby Jas burgess [and] Henry Cousens bmore especiallt of the districts included in the Baroda state / aVaranasibBhartiya Publishing Housec1975 bVaranasiaB9/45, pilkhana  a118p.:c27cm(Hb)bill. aArchitecture -- India aCousens, Henry